| 000 | 00464nam a22001817a 4500 | ||
|---|---|---|---|
| 003 | PILC | ||
| 005 | 20151020102030.0 | ||
| 008 | 130320t xxu||||| |||| 00| 0 eng d | ||
| 020 | _a0786917660 | ||
| 050 |
_aGV 1469.35 _b.P63M35 2000 |
||
| 082 |
_aGV1469.35 _b.P63M35 2000 |
||
| 245 | _aPokémon made simple | ||
| 260 |
_aRenton, WA : _bWizards of the Coast, Inc, _cc2000. |
||
| 300 |
_a 149 p. _c18 cm. |
||
| 562 | _e1 | ||
| 942 |
_2lcc _cBK |
||
| 999 |
_c12196 _d12196 |
||